000 00622nam a2200193 i 4500
001 55262
003 ES-MaACL
005 20250914115853.0
007 t|
008 030916s1971 sp ||||1| spa d
100 1 _aDemerson, Jorge.
_943638
245 1 0 _aDon Juan Meléndez Valdés y su tiempo
_b: (1754-1817) /
_cGeorges Demerson ; [traducción revisada por Angel Guillén].
260 _a[Madrid] :
_bTaurus,
_c1971.
300 _a2 v. ;
_c21 cm.
600 1 4 _aMeléndez Valdés, Juan,
_d1754-1817
_979929
700 1 _aGuillén, Angel.
_960759
852 _aES-MaACL
_jC-38800-1
_bR.78323
999 _c55262
_d55262